Osobnostní aspekty prosociálního chování a empatie /

Hlavní autor: Záškodná, Helena
Korporativní autor: Jihočeská univerzita. Zdravotně sociální fakulta
Další autoři: Mlčák, Zdeněk, 1957-
Jazyk: Čeština
Vydáno: Praha : Triton, 2009
Vydání: Vyd. 1.
Témata:
Externí odkaz: Digitalizovaný dokument
Fyzický popis: 391 s. : il. ; 24 cm
Language note: Anglické resumé
Knihy
Uloženo v:
LEADER 02716nam a2200709 a 4500
001 nkc20102093307
003 CZ PrNK
005 20110209070249.0
007 ta
008 100329s2009 xr a f 001 0 cze
015 |a cnb002093307 
020 |a 978-80-7387-306-6  |q (váz.) 
035 |a (OCoLC)614294441 
040 |a OLA001  |b cze  |d ABA001 
041 0 |a cze  |b eng 
043 |a e-xr--- 
045 |a y0y0 
072 7 |a 159.92  |x Vývojová psychologie. Individuální psychologie  |2 Konspekt  |9 17 
080 |a 159.923  |2 MRF 
080 |a 316.62  |2 MRF 
080 |a 17.035.1  |2 MRF 
080 |a 17.024.2/.3  |2 MRF 
080 |a 378.011.3-052  |2 MRF 
080 |a 364-4  |2 MRF 
080 |a 159.9.07  |2 MRF 
080 |a (437.3)  |2 MRF 
080 |a (048.8)  |2 MRF 
100 1 |a Záškodná, Helena  |7 jn20001005730  |4 aut 
245 1 0 |a Osobnostní aspekty prosociálního chování a empatie /  |c Helena Záškodná, Zdeněk Mlčák 
250 |a Vyd. 1. 
260 |a Praha :  |b Triton,  |c 2009 
300 |a 391 s. :  |b il. ;  |c 24 cm 
500 |a Na obálce pod názvem: Zdravotně sociální fakulta Jihočeské univerzity v Českých Budějovicích 
504 |a Obsahuje bibliografii a rejstříky 
546 |a Anglické resumé 
648 4 |a 2006-2008 
650 0 7 |a osobnost  |7 ph115614  |2 czenas 
650 0 7 |a sociální chování  |7 ph125776  |2 czenas 
650 0 7 |a altruismus  |7 ph137002  |2 czenas 
650 0 7 |a empatie  |7 ph138846  |2 czenas 
650 0 7 |a vysokoškolští studenti  |7 ph127281  |z Česko  |2 czenas 
650 0 7 |a pomáhající profese  |7 ph124335  |z Česko  |2 czenas 
650 0 7 |a psychologický výzkum  |7 ph124806  |z Česko  |y 2001-2010  |2 czenas 
650 0 9 |a personality  |2 eczenas 
650 0 9 |a social behavior  |2 eczenas 
650 0 9 |a altruism  |2 eczenas 
650 0 9 |a empathy  |2 eczenas 
650 0 9 |a college students  |z Czechia  |2 eczenas 
650 0 9 |a helping professions  |z Czechia  |2 eczenas 
650 0 9 |a psychological research  |z Czechia  |y 2001-2010  |2 eczenas 
653 0 |a prosociální chování 
655 7 |a monografie  |7 fd132842  |2 czenas 
655 9 |a monographs  |2 eczenas 
700 1 |a Mlčák, Zdeněk,  |d 1957-  |7 jo20000074630  |4 aut 
710 2 |a Jihočeská univerzita.  |b Zdravotně sociální fakulta  |7 kn20010710225 
856 4 1 |u http://www.digitalniknihovna.cz/mzk/uuid/uuid:bfc33050-449a-11e4-aded-005056827e51  |y Digitalizovaný dokument  |x NDK 
910 2 |a BOA001  |b 2-1240.852 
990 |a BK 
995 |a 01 
991 |b 201005  |c NOV  |j 159.92 ZÁŠ 
996 6 |b 2610432427  |c 2-1240.852  |l MZK  |r Sklad / do 1 hodiny  |n 12  |p p.v.  |w 001117693  |u 000010  |a 1  |e BOA001  |j MZK50  |s P 
996 7 |b 2610468168  |c 2-1240.852  |l Vol.výběr  |r VV 0p  |n 41  |p kup ; 0 rev. 2013  |h 159.92 ZÁŠ  |w 001117693  |u 000020  |a 0  |e BOA001  |j MZK50  |s A